Green Day - Father Of All Songs - Statistics

General Stats
  • This quiz has been taken 56 times
  • The average score is 8 of 10
Answer Stats
Hint Answer % Correct
38,955,935 Father Of All...
100%
11,671,430 Meet Me On The Roof
90%
33,756,583 Oh Yeah!
90%
23,122,023 Fire, Ready, Aim
86%
5,977,791 Graffitia
83%
6,133,903 I Was A Teenage Teenager
83%
5,790,856 Take The Money And Crawl
79%
5,404,266 Junkies On A High
76%
6,173,327 Stab You In The Heart
72%
6,962,829 Sugar Youth
72%
No matching quizzes found
Score Distribution
Percent of People with Each Score
Percentile by Number Answered
Your Score History
You have not taken this quiz